000 00525nam a2200217Ia 4500
003 OSt
005 20220928140703.0
006 a|||||r|||| 00| 0
007 ta
008 220927b |||||||| |||| 00| 0 eng d
024 _a11054
037 _cTextual
040 _aSDCL
_cSDCL
_beng
041 _2eng
_aeng
082 _aI, M4
100 _aNorthington David K Ed.
_9497025
245 0 _aBotanical world
260 _c1984
942 _hI, M4
_cTEXL
_2CC
999 _c813499
_d813499